Các nhân tố ảnh hưởng đến cấu trúc vốn của các doanh nghiệp ngành dược phẩm được niêm yết trên thị trường chứng khoán Việt Nam : Luận văn tốt nghiệp Thạc sĩ. Chuyên ngành Tài chính - Ngân hàng
Phân tích các nhân tố ảnh hưởng đến cấu trúc vốn của các doanh nghiệp ngành Dược phẩm trên thị trường chứng khoán Việt Nam, từ đó đưa ra một số hàm ý quản trị nhằm giúp các doanh nghiệp xây dựng một cấu trúc vốn tối ưu....
সংরক্ষণ করুন:
| প্রধান লেখক: | |
|---|---|
| বিন্যাস: | গ্রন্থ |
| ভাষা: | Undetermined |
| প্রকাশিত: |
Cần Thơ
Trường Đại học Cần Thơ
2019
|
| বিষয়গুলি: | |
| ট্যাগগুলো: |
ট্যাগ যুক্ত করুন
কোনো ট্যাগ নেই, প্রথমজন হিসাবে ট্যাগ করুন!
|
| Thư viện lưu trữ: | Trung tâm Học liệu Trường Đại học Cần Thơ |
|---|
| LEADER | 01301nam a2200217Ia 4500 | ||
|---|---|---|---|
| 001 | CTU_232723 | ||
| 008 | 210402s9999 xx 000 0 und d | ||
| 082 | |a 332.642 | ||
| 082 | |b Ng100 | ||
| 088 | |a 8340201 | ||
| 100 | |a Nguyễn, Thị Nga | ||
| 245 | 0 | |a Các nhân tố ảnh hưởng đến cấu trúc vốn của các doanh nghiệp ngành dược phẩm được niêm yết trên thị trường chứng khoán Việt Nam : | |
| 245 | 0 | |b Luận văn tốt nghiệp Thạc sĩ. Chuyên ngành Tài chính - Ngân hàng | |
| 245 | 0 | |c Nguyễn Thị Nga ; Đặng Thanh Sơn (Cán bộ hướng dẫn) | |
| 260 | |a Cần Thơ | ||
| 260 | |b Trường Đại học Cần Thơ | ||
| 260 | |c 2019 | ||
| 520 | |a Phân tích các nhân tố ảnh hưởng đến cấu trúc vốn của các doanh nghiệp ngành Dược phẩm trên thị trường chứng khoán Việt Nam, từ đó đưa ra một số hàm ý quản trị nhằm giúp các doanh nghiệp xây dựng một cấu trúc vốn tối ưu. | ||
| 650 | |a Stock exchanges,Thị trường chứng khoán | ||
| 910 | |b nthai | ||
| 980 | |a Trung tâm Học liệu Trường Đại học Cần Thơ | ||